MARC details
| 000 -LEADER |
| fixed length control field |
03559nam a2200313 i 4500 |
| 003 - CONTROL NUMBER IDENTIFIER |
| control field |
CSPC |
| 005 - DATE AND TIME OF LATEST TRANSACTION |
| control field |
20251009103757.0 |
| 008 - FIXED-LENGTH DATA ELEMENTS--GENERAL INFORMATION |
| fixed length control field |
251008s2020 -uka b 001 0 eng d |
| 020 ## - INTERNATIONAL STANDARD BOOK NUMBER |
| International Standard Book Number |
9781350212251 |
| 040 ## - CATALOGING SOURCE |
| Language of cataloging |
eng |
| Transcribing agency |
CSPC |
| Original cataloging agency |
CSPC |
| Description conventions |
rda |
| 050 #4 - LIBRARY OF CONGRESS CALL NUMBER |
| Classification number |
LB1707 |
| Item number |
.S63 2020 |
| 082 04 - DEWEY DECIMAL CLASSIFICATION NUMBER |
| Classification number |
370.711 |
| Item number |
So131 |
| Edition number |
23 |
| 245 00 - TITLE STATEMENT |
| Title |
Social theory for teacher education research : |
| Remainder of title |
beyond the technical-rational / |
| Statement of responsibility, etc. |
edited by Kathleen Nolan and Jennifer Tupper. |
| 264 #1 - PRODUCTION, PUBLICATION, DISTRIBUTION, MANUFACTURE, AND COPYRIGHT NOTICE |
| Place of production, publication, distribution, manufacture |
London ; |
| -- |
New York, NY : |
| Name of producer, publisher, distributor, manufacturer |
Bloomsbury Academic, |
| Date of production, publication, distribution, manufacture, or copyright notice |
2020. |
| 300 ## - PHYSICAL DESCRIPTION |
| Extent |
xvi, 271 pages ; |
| Dimensions |
24 cm. |
| 336 ## - CONTENT TYPE |
| Source |
rdacontent |
| Content type term |
text |
| Content type code |
txt |
| 337 ## - MEDIA TYPE |
| Source |
rdamedia |
| Media type term |
unmediated |
| Media type code |
n |
| 338 ## - CARRIER TYPE |
| Source |
rdacarrier |
| Carrier type term |
volume |
| Carrier type code |
nc |
| 490 0# - SERIES STATEMENT |
| Series statement |
Social theory and methodology in education research |
| 504 ## - BIBLIOGRAPHY, ETC. NOTE |
| Bibliography, etc. note |
Includes bibliographical references and index. |
| 505 0# - FORMATTED CONTENTS NOTE |
| Formatted contents note |
Introduction: Calls for social theory in teacher education research -- Part One. Researching theory and practice as teacher educators -- Examining the nature of teacher education using the principle of contradictions: a cultural historical activity theory perspective -- Pursuing relational and differential methodologies: from diffraction to monstrosity in in-service teacher education -- Bourdieuian disruptions in teacher education: teacher candidates thinking with/through social theory -- Part Two. On becoming teachers: identity and development in teacher education -- Assembling technology teacher education: translating technological skills into educational praxis -- Confronting and challenging preservice teacher subjectivities in a community of excellence -- Teaching for 3Cs: centering imagination in teacher education -- Exploring uneven experiences in the development of a teaching identity -- Part Three. (Re)framing experiences in the field of teacher education -- Teacher education field experience: building for the continual modulation in the rubble of humanism -- Interrupting the success-failure binary in teacher education: our experience of Foucault's panopticon -- Provoking knowledges and weaving conversations in teacher education -- Part Four. Theorizing teaching and teacher education -- Reclaiming a social perspective on learning to teach: the place and promise of La Didactique du Plurilinguisme in research on language teacher education -- Love as vocation: the moral experience and value repertoires in teacher education -- Social theory's nod to Heidegger: contributions of phenomenological ontology to teacher education research. |
| 520 ## - SUMMARY, ETC. |
| Summary, etc. |
"Traditionally, teacher education research theory and practice have had a technical-rational focus on productions of knowledge, skills, performance and accountability. Such a focus serves to (re)produce current educational systems instead of noticing and critiquing the wider modes of domination that permeate schools and school systems. In Social Theory for Teacher Education Research, Kathleen Nolan, Jennifer Tupper and the contributors make arguments for drawing on social theories to inform research in teacher education - research that moves the agenda beyond technical-rational concerns toward building a critically reflexive stance for noticing and unpacking the socio-political contexts of schooling." |
| Expansion of summary note |
Back cover. |
| 650 #0 - SUBJECT ADDED ENTRY--TOPICAL TERM |
| Topical term or geographic name entry element |
Teachers |
| General subdivision |
Training of |
| -- |
Philosophy. |
| 650 #0 - SUBJECT ADDED ENTRY--TOPICAL TERM |
| Topical term or geographic name entry element |
Teachers |
| General subdivision |
Training of |
| -- |
Research. |
| 700 1# - ADDED ENTRY--PERSONAL NAME |
| Personal name |
Nolan, Kathleen, |
| Relator term |
editor. |
| 700 1# - ADDED ENTRY--PERSONAL NAME |
| Personal name |
Tupper, Jennifer, |
| Relator term |
editor. |
| 942 ## - ADDED ENTRY ELEMENTS (KOHA) |
| Source of classification or shelving scheme |
Dewey Decimal Classification |
| Suppress in OPAC |
No |
| Koha item type |
Books |
| Classification part |
370.711 |
| Item part |
So131 |
| Call number prefix |
CIR |
| Call number suffix |
2020 |
| Edition |
23 |